25 LET SOCIALISTICKÉHO LÉKÁRENSTVÍ VE STŘEDOČESKÉM KRAJI

Bibliographic Details
Main Author: Polášek, K. (Author)
Format: Article
Language:Czech

MARC

LEADER 00000nab a2200000uu 4500
001 vtls011453711
003 SK-MaSNL
005 20260303113300.0
008 230121|1975 xo |||||||||||||||||cze|
015 |a SNBRB 
035 |a (urnnbn)urn:nbn:sk:snk:ar-0080yy 
035 |a (uuid)c57ac889-a36d-4618-949c-820760be8d6f 
035 |a urn:nbn:sk:snk-abcp5i 
040 |a SNKBUCL  |b slo  |c SNKBUCL  |e AACR2 
041 0 |a cze 
044 |a xo  |c SK 
100 1 |a Polášek, K.  |4 aut  |9 1125369 
245 1 0 |a 25 LET SOCIALISTICKÉHO LÉKÁRENSTVÍ VE STŘEDOČESKÉM KRAJI  |c K. Polášek 
773 0 |t Farmaceutický obzor : odborný časopis Ministerstva zdravotníctva Slovenskej republiky a Slovenskej zdravotníckej univerzity v Bratislave  |g Roč. 44, č. 10 (1975), s. 433-441 
954 |a odborná, vedecká literatúra cudzojazyčná (svetová)  |2 lita 
958 |a OND 
958 |a EUIPO 
958 |a article16 
999 |c 1891513  |d 1893443